000 00513nam a2200181Ia 4500
005 20250508152758.0
008 008 250505s9999 xx 000 0 eng d
037 _aTextual
040 _aFEDL
_beng
_cFEDL
041 _aeng
_2eng
084 _a420.7, BAL
_qFEDL
100 _aBallard Boswood Philip
_9762357
245 0 _aTeaching and testing English
260 _aLondon, UK
_bUniversity of London Press
_c1959
300 _axi,167p
942 _cTEXL
_h420.7, BAL
999 _c1338705
_d1338705